[Event "Mittelfranken-chTB1 1718"]
[Site "Mittelfranken"]
[Date "2018.05.06"]
[Round "9.5"]
[White "Dietrich, Jochen"]
[Black "Zeltner, Ottmar"]
[Result "1/2-1/2"]
[WhiteElo "1895"]
[BlackElo "1895"]
[PlyCount "30"]
[EventDate "2017.10.08"]
[EventType "team-tourn"]
[EventRounds "9"]
[EventCountry "GER"]
[SourceTitle "EXT 2022"]
[Source "ChessBase"]
[SourceDate "2021.10.06"]
[SourceVersion "1"]
[SourceVersionDate "2021.10.06"]
[SourceQuality "1"]
[WhiteTeam "Muehlhof/Schwabach"]
[BlackTeam "Rothenburg"]
[WhiteTeamCountry "GER"]
[BlackTeamCountry "GER"]

1. Nf3 d5 2. g3 c5 3. Bg2 Nc6 4. 0-0 e5 5. d3 Nf6 6. c3 Be7 7. Nbd2 0-0 8. e4 d4 9. Nc4 Qc7 10. cxd4 cxd4 11. Bg5 h6 12. Bd2 b5 13. Na3 Qb6 14. Nh4 Be6 15. Nf5 Bxf5 1/2-1/2

[Event "Forchheim op-B 15th"]
[Site "Forchheim"]
[Date "2016.10.01"]
[Round "1"]
[White "Heckel, Wolfgang"]
[Black "Zeltner, Ottmar"]
[Result "1/2-1/2"]
[WhiteElo "1614"]
[BlackElo "1971"]
[PlyCount "56"]
[EventDate "2016.10.01"]
[EventType "swiss"]
[EventRounds "5"]
[EventCountry "GER"]
[SourceTitle "EXT 2019"]
[Source "ChessBase"]
[SourceDate "2018.10.10"]
[SourceVersion "1"]
[SourceVersionDate "2018.10.10"]
[SourceQuality "1"]

1. d4 g6 2. Nf3 Bg7 3. Bf4 Nf6 4. e3 0-0 5. Bd3 d6 6. c3 Nbd7 7. 0-0 c6 8. a4 Qc7 9. e4 e5 10. dxe5 dxe5 11. Be3 Ng4 12. Bc1 Nc5 13. b4 Nxd3 14. Qxd3 Rd8 15. Qe2 a5 16. Rd1 Rxd1+ 17. Qxd1 axb4 18. cxb4 Qb6 19. Qe1 f6 20. h3 Nh6 21. Be3 Qc7 22. Nbd2 Be6 23. Qc1 Nf7 24. Nc4 Nd6 25. Nxd6 Qxd6 26. Qd2 Bf8 27. Qxd6 Bxd6 28. Bd2 Bxh3 1/2-1/2

[Event "Mittelfranken-chTB2a 1415"]
[Site "Mittelfranken"]
[Date "2015.03.22"]
[Round "8.2"]
[White "Zeltner, Ottmar"]
[Black "Mueller, Maximilian"]
[Result "1/2-1/2"]
[WhiteElo "1838"]
[BlackElo "1833"]
[PlyCount "72"]
[EventDate "2014.09.28"]
[EventType "team-tourn"]
[EventRounds "9"]
[EventCountry "GER"]
[SourceTitle "EXT 2020"]
[Source "ChessBase"]
[SourceDate "2019.10.17"]
[SourceVersion "1"]
[SourceVersionDate "2019.10.17"]
[SourceQuality "1"]
[WhiteTeam "Rothenburg"]
[BlackTeam "Buechenbach/Roth II"]
[WhiteTeamCountry "GER"]
[BlackTeamCountry "GER"]

1. e4 e5 2. Nf3 Nc6 3. Bc4 Bc5 4. b4 Bxb4 5. c3 Ba5 6. d4 exd4 7. 0-0 d6 8. Qb3 Qf6 9. cxd4 Nge7 10. d5 Nd4 11. Nxd4 Qxd4 12. Bb2 Qb6 13. Qc2 0-0 14. Nc3 Bd7 15. Ne2 Bb5 16. Bd4 Qa6 17. Bxb5 Qxb5 18. Rab1 Qa6 19. Qb2 f6 20. Nf4 Bb6 21. Bc3 Rf7 22. Qb3 Rb8 23. a4 Ba5 24. Ba1 Nc8 25. Ne6 Nb6 26. Qg3 Kh8 27. Qh4 Nc4 28. Qh5 Kg8 29. Qe2 Bb6 30. Rb4 Na5 31. Qg4 Kh8 32. Qh5 Re7 33. Qh4 Rf7 34. Qh5 Kg8 35. Qg4 Kh8 36. Qh5 Kg8 1/2-1/2

[Event "Forchheim op-A 13th"]
[Site "Forchheim"]
[Date "2014.10.04"]
[Round "3"]
[White "Walter, Florian"]
[Black "Zeltner, Ottmar"]
[Result "1-0"]
[WhiteElo "2122"]
[BlackElo "2041"]
[PlyCount "68"]
[EventDate "2014.10.03"]
[EventType "swiss"]
[EventRounds "5"]
[EventCountry "GER"]
[SourceTitle "EXT 2019"]
[Source "ChessBase"]
[SourceDate "2018.10.10"]
[SourceVersion "1"]
[SourceVersionDate "2018.10.10"]
[SourceQuality "1"]

1. c4 e5 2. g3 Nf6 3. Bg2 Bc5 4. Nc3 0-0 5. Nf3 Nc6 6. 0-0 d6 7. d3 h6 8. a3 a6 9. b4 Ba7 10. Bb2 Ne7 11. Rc1 Nf5 12. Nd5 c6 13. Nxf6+ Qxf6 14. c5 Bb8 15. cxd6 Bxd6 16. e4 Ne7 17. Nd2 Qe6 18. Nc4 Rd8 19. f4 f6 20. Qh5 Bb8 21. fxe5 fxe5 22. Bh3 Qxh3 23. Qf7+ Kh7 24. Qxe7 Rd7 25. Qe8 Rxd3 26. Bxe5 Bxe5 27. Qxe5 Be6 28. a4 Rad8 29. Qf4 R8d4 30. Ne5 Rd2 31. Rf2 Rxf2 32. Qxf2 Rxe4 33. Nd3 Bd5 34. Qc2 Qf5 1-0

[Event "Mittelfranken-chTB2a 1314"]
[Site "Mittelfranken"]
[Date "2014.03.30"]
[Round "8.2"]
[White "Zeltner, Ottmar"]
[Black "Kunth, Andreas"]
[Result "1-0"]
[WhiteElo "1838"]
[BlackElo "1897"]
[PlyCount "65"]
[EventDate "2013.10.20"]
[EventType "team-tourn"]
[EventRounds "9"]
[EventCountry "GER"]
[SourceTitle "EXT 2020"]
[Source "ChessBase"]
[SourceDate "2019.10.17"]
[SourceVersion "1"]
[SourceVersionDate "2019.10.17"]
[SourceQuality "1"]
[WhiteTeam "Rothenburg"]
[BlackTeam "Dinkelsbuehl Wassertruedingen"]
[WhiteTeamCountry "GER"]
[BlackTeamCountry "GER"]

1. e4 c5 2. Nf3 Nc6 3. d4 cxd4 4. Nxd4 e5 5. Nb5 d6 6. N1c3 a6 7. Na3 Nf6 8. Bg5 Be7 9. Nc4 b5 10. Bxf6 gxf6 11. Ne3 Nd4 12. Qd2 f5 13. exf5 Nxf5 14. Ncd5 Nxe3 15. Nxe3 Be6 16. Rd1 0-0 17. g3 f5 18. Nd5 Bg5 19. Qb4 Rc8 20. c4 Rc5 21. Be2 Bxd5 22. Rxd5 Rxd5 23. cxd5 Qc7 24. 0-0 Rc8 25. Bd1 Qc5 26. Qa5 Rc7 27. Qe1 Qd4 28. Qe2 f4 29. Qh5 Bf6 30. Qg4+ Kh8 31. Qe6 e4 32. Qxd6 Be5 33. Qf8# 1-0

[Event "Mittelfranken-chTB2a 1314"]
[Site "Mittelfranken"]
[Date "2014.03.09"]
[Round "7.1"]
[White "Zeltner, Ottmar"]
[Black "Beesk, Kevin"]
[Result "1-0"]
[WhiteElo "1838"]
[BlackElo "2011"]
[PlyCount "73"]
[EventDate "2013.10.20"]
[EventType "team-tourn"]
[EventRounds "9"]
[EventCountry "GER"]
[SourceTitle "EXT 2020"]
[Source "ChessBase"]
[SourceDate "2019.10.17"]
[SourceVersion "1"]
[SourceVersionDate "2019.10.17"]
[SourceQuality "1"]
[WhiteTeam "Rothenburg"]
[BlackTeam "Neumarkt II"]
[WhiteTeamCountry "GER"]
[BlackTeamCountry "GER"]

1. e4 c5 2. Nf3 e6 3. d4 cxd4 4. Nxd4 Nc6 5. Nc3 Qc7 6. Be3 a6 7. Qd2 Nf6 8. f3 b5 9. 0-0-0 Bb7 10. g4 Rc8 11. g5 Nh5 12. h4 Na5 13. Ndxb5 axb5 14. Bb6 Qf4 15. Qxf4 Nxf4 16. Bxa5 b4 17. Nb5 d5 18. Na7 Ra8 19. Bb5+ Ke7 20. Bxb4+ Kd8 21. Ba5+ Ke7 22. Bb6 Rg8 23. Kb1 f6 24. c4 Kf7 25. cxd5 exd5 26. exd5 Bd6 27. Bc4 Rgb8 28. Nb5 Ke7 29. Nxd6 Kxd6 30. Bf2 Nh5 31. Rhe1 Bc8 32. Bd3 Ra5 33. Bxh7 Rba8 34. a3 Rb8 35. Ka1 Rab5 36. b4 Rxd5 37. Bc5+ 1-0

[Event "Forchheim op-A 12th"]
[Site "Forchheim"]
[Date "2013.09.29"]
[Round "5"]
[White "Zeltner, Ottmar"]
[Black "Mager, Denis"]
[Result "1/2-1/2"]
[WhiteElo "2030"]
[BlackElo "2054"]
[PlyCount "113"]
[EventDate "2013.09.27"]
[EventType "swiss"]
[EventRounds "5"]
[EventCountry "GER"]
[SourceTitle "CBM 156 Extra"]
[Source "ChessBase"]
[SourceDate "2013.10.22"]
[SourceVersion "1"]
[SourceVersionDate "2013.10.22"]
[SourceQuality "1"]

1. e4 c5 2. Nf3 d6 3. d4 cxd4 4. Nxd4 Nf6 5. Nc3 a6 6. f3 e6 7. Be3 b5 8. Qd2 Nbd7 9. 0-0-0 Bb7 10. Kb1 b4 11. Na4 d5 12. exd5 Nxd5 13. Nb3 Qc7 14. Bf2 Qc6 15. c4 bxc3 16. Nxc3 Bb4 17. Rc1 0-0 18. Nxd5 Bxd2 19. Rxc6 Bxc6 20. Ne7+ Kh8 21. Nxc6 Bf4 22. g3 Rfc8 23. Nca5 Bd6 24. f4 Nc5 25. Bg2 Rab8 26. Rd1 Nxb3 27. Nxb3 Rd8 28. Ba7 Be7 29. Rc1 Rbc8 30. Rxc8 Rxc8 31. Bd4 Rb8 32. Kc2 Bf6 33. Bxf6 gxf6 34. Nc5 Rc8 35. b4 a5 36. a3 Kg8 37. Kc3 Kf8 38. Kc4 axb4 39. axb4 Ke7 40. Kb5 Rb8+ 41. Nb7 e5 42. Kb6 Rc8 43. Nc5 Rd8 44. fxe5 fxe5 45. Be4 Rd2 46. h3 Rh2 47. Bf5 Kf6 48. Bg4 h5 49. Bc8 Kg6 50. Nd3 f6 51. Bd7 Rd2 52. Nc5 f5 53. g4 fxg4 54. hxg4 hxg4 55. Bxg4 Rd4 56. Be2 Rxb4+ 57. Kc6 1/2-1/2

[Event "Forchheim op-A 12th"]
[Site "Forchheim"]
[Date "2013.09.28"]
[Round "2"]
[White "Wild, Achim"]
[Black "Zeltner, Ottmar"]
[Result "1-0"]
[WhiteElo "2142"]
[BlackElo "2030"]
[PlyCount "87"]
[EventDate "2013.09.27"]
[EventType "swiss"]
[EventRounds "5"]
[EventCountry "GER"]
[SourceTitle "CBM 156 Extra"]
[Source "ChessBase"]
[SourceDate "2013.10.22"]
[SourceVersion "1"]
[SourceVersionDate "2013.10.22"]
[SourceQuality "1"]

1. d4 Nf6 2. c4 e6 3. g3 c5 4. d5 exd5 5. cxd5 d6 6. Nc3 g6 7. Bg2 Bg7 8. Nf3 0-0 9. 0-0 Bg4 10. Nd2 Qd7 11. a4 Bh3 12. Nc4 Bxg2 13. Kxg2 Rd8 14. f3 Na6 15. e4 Nc7 16. Bf4 Nfe8 17. Qd2 b5 18. Na5 b4 19. Nd1 f6 20. Nc6 Rdc8 21. Rc1 Ne6 22. b3 Nxf4+ 23. Qxf4 Nc7 24. Ne3 Rf8 25. Nc4 Ne8 26. Qh4 Rf7 27. Rcd1 Bf8 28. f4 Bg7 29. Rf3 Nc7 30. f5 g5 31. Qg4 h6 32. Rfd3 Rff8 33. Qe2 Rf7 34. g4 Rff8 35. Rh3 Rfe8 36. Qf3 Rf8 37. Rh5 Rf7 38. h4 Rff8 39. Rh1 Rf7 40. hxg5 fxg5 41. Rxh6 Bxh6 42. Rxh6 Rg7 43. Rg6 Kf7 44. Nxd6+ 1-0

[Event "Mittelfranken-chTB2a 1213"]
[Site "Germany"]
[Date "2012.12.02"]
[Round "4.2"]
[White "Koschka, Robert"]
[Black "Zeltner, Ottmar"]
[Result "1-0"]
[WhiteElo "1869"]
[BlackElo "2083"]
[PlyCount "75"]
[EventDate "2012.10.07"]
[EventType "team-tourn"]
[EventRounds "9"]
[EventCountry "GER"]
[SourceTitle "EXT 2019"]
[Source "ChessBase"]
[SourceDate "2018.10.10"]
[SourceVersion "1"]
[SourceVersionDate "2018.10.10"]
[SourceQuality "1"]
[WhiteTeam "Fuerth SF II"]
[BlackTeam "Rothenburg"]
[WhiteTeamCountry "GER"]
[BlackTeamCountry "GER"]

1. e4 e5 2. Nc3 Bc5 3. Nf3 Nc6 4. Nxe5 Nxe5 5. d4 Bd6 6. dxe5 Bxe5 7. f4 Bxc3+ 8. bxc3 Nf6 9. Bc4 0-0 10. e5 d5 11. 0-0 dxc4 12. Qxd8 Rxd8 13. exf6 Bf5 14. fxg7 Kxg7 15. Be3 Bxc2 16. Bd4+ f6 17. Rfe1 Kf7 18. Rac1 Bd3 19. Bc5 Rd7 20. Rcd1 b6 21. Bd4 Rad8 22. Kf2 c6 23. g4 Rd5 24. f5 Ra5 25. Re6 Rxd4 26. cxd4 Bxf5 27. Rxc6 Rxa2+ 28. Kg3 Bd3 29. d5 Ra3 30. Kf4 Ra5 31. Rc7+ Kg6 32. d6 Rd5 33. d7 Rd4+ 34. Ke3 Rd6 35. Rxc4 Rxd7 36. Rxd3 Rb7 37. Ra3 b5 38. Rb4 1-0

[Event "Mittelfranken-chTB2a 1112"]
[Site "Germany"]
[Date "2012.03.25"]
[Round "9.2"]
[White "Koschka, Robert"]
[Black "Zeltner, Ottmar"]
[Result "0-1"]
[WhiteElo "1869"]
[BlackElo "2047"]
[PlyCount "76"]
[EventDate "2011.09.25"]
[EventType "team-tourn"]
[EventRounds "9"]
[EventCountry "GER"]
[SourceTitle "EXT 2018"]
[Source "ChessBase"]
[SourceDate "2017.10.13"]
[SourceVersion "1"]
[SourceVersionDate "2017.10.13"]
[SourceQuality "1"]
[WhiteTeam "Fuerth SF II"]
[BlackTeam "Rothenburg"]
[WhiteTeamCountry "GER"]
[BlackTeamCountry "GER"]

1. e4 e5 2. f4 exf4 3. Nf3 Nf6 4. e5 Nh5 5. d4 d6 6. Bc4 d5 7. Be2 Bg4 8. 0-0 Nc6 9. c3 g5 10. Ne1 Bxe2 11. Qxe2 Ng7 12. h4 h6 13. Qf3 Ne6 14. g3 Rg8 15. Kh1 g4 16. Qf2 f3 17. Nd3 Qe7 18. Be3 0-0-0 19. Nd2 Bg7 20. Rfe1 Rh8 21. Nf1 Rdg8 22. Bf4 Qd8 23. Ne3 Bf8 24. Nf5 Ne7 25. Nxe7+ Bxe7 26. Qh2 Kb8 27. b4 Ng7 28. Rad1 Nf5 29. Rg1 Rh7 30. Rd2 Rhg7 31. Qf2 Bxh4 32. Re1 Bg5 33. Kg1 h5 34. Qh2 h4 35. Qf2 Bxf4 36. gxf4 h3 37. Kh1 g3 38. Qxf3 g2+ 0-1

[Event "Mittelfranken-chTB2a 1112"]
[Site "Germany"]
[Date "2012.02.26"]
[Round "7.1"]
[White "Zeltner, Ottmar"]
[Black "Vogiatzis, Dimitrios"]
[Result "1-0"]
[WhiteElo "2047"]
[BlackElo "2014"]
[PlyCount "66"]
[EventDate "2011.09.25"]
[EventType "team-tourn"]
[EventRounds "9"]
[EventCountry "GER"]
[SourceTitle "EXT 2018"]
[Source "ChessBase"]
[SourceDate "2017.10.13"]
[SourceVersion "1"]
[SourceVersionDate "2017.10.13"]
[SourceQuality "1"]
[WhiteTeam "Rothenburg"]
[BlackTeam "Nuernberg NT V"]
[WhiteTeamCountry "GER"]
[BlackTeamCountry "GER"]

1. e4 e5 2. Nf3 d5 3. exd5 Bd6 4. d4 e4 5. Ne5 Ne7 6. Nc3 Bb4 7. Bb5+ c6 8. dxc6 bxc6 9. Bc4 0-0 10. 0-0 Bxc3 11. bxc3 Nd5 12. Ba3 Re8 13. Rb1 Be6 14. Bxd5 cxd5 15. Qe2 Qc8 16. c4 f6 17. cxd5 Bxd5 18. c4 fxe5 19. cxd5 exd4 20. Rfc1 Qd7 21. Qc4 d3 22. Re1 Qf5 23. d6+ Qe6 24. Rxe4 Qxc4 25. Rxc4 Nd7 26. f4 Re2 27. Rd1 Rxa2 28. Rxd3 Re8 29. h3 Ree2 30. Rg3 Re1+ 31. Kh2 g6 32. Rc7 Raa1 33. Rb3 Nf8 1-0

[Event "Mittelfranken-chTB2a 1011"]
[Site "Germany"]
[Date "2011.04.03"]
[Round "8.2"]
[White "Zeltner, Ottmar"]
[Black "Adelhuette, Dennis"]
[Result "1/2-1/2"]
[WhiteElo "1974"]
[BlackElo "1962"]
[PlyCount "59"]
[EventDate "2010.09.26"]
[EventType "team-tourn"]
[EventRounds "9"]
[EventCountry "GER"]
[SourceTitle "EXT 2012"]
[Source "ChessBase"]
[SourceDate "2011.11.24"]
[SourceVersion "1"]
[SourceVersionDate "2011.11.24"]
[SourceQuality "1"]
[WhiteTeam "Rothenburg/Tauber"]
[BlackTeam "Erlangen 44/88 II"]
[WhiteTeamCountry "GER"]
[BlackTeamCountry "GER"]

1. e4 e6 2. d4 d5 3. Nc3 Nf6 4. e5 Nfd7 5. f4 c5 6. Be3 Nc6 7. Nf3 Qb6 8. Na4 Qa5+ 9. c3 cxd4 10. b4 Nxb4 11. cxb4 Bxb4+ 12. Bd2 Bxd2+ 13. Nxd2 b5 14. Nb2 Nb6 15. a4 Bd7 16. axb5 Qc3 17. Qb3 0-0 18. Ra3 Rfc8 19. Nd1 Qc1 20. Qb2 Qc5 21. Rg3 Nc4 22. Bxc4 dxc4 23. Ne4 c3 24. Qc2 Qxb5 25. Nf6+ Kf8 26. Nxh7+ Ke7 27. Rd3 Qxd3 28. Qxd3 c2 29. Qa3+ Kd8 30. Qf8+ 1/2-1/2

[Event "Mittelfranken-chTB2a 0910"]
[Site "Mittelfranken"]
[Date "2010.01.10"]
[Round "5.2"]
[White "Zeltner, Ottmar"]
[Black "Bilek, Stefan"]
[Result "1-0"]
[WhiteElo "1978"]
[BlackElo "1577"]
[PlyCount "81"]
[EventDate "2009.10.11"]
[EventType "team-tourn"]
[EventRounds "9"]
[EventCountry "GER"]
[SourceTitle "EXT 2011"]
[Source "ChessBase"]
[SourceDate "2010.11.26"]
[SourceVersion "1"]
[SourceVersionDate "2010.11.26"]
[SourceQuality "1"]
[WhiteTeam "Rothenburg"]
[BlackTeam "Buechenbach/Roth III"]
[WhiteTeamCountry "GER"]
[BlackTeamCountry "GER"]

1. e4 c5 2. Nf3 a6 3. d4 cxd4 4. Nxd4 Nf6 5. Nc3 e5 6. Nf5 d5 7. Bg5 d4 8. Ne2 Qa5+ 9. Bd2 Qb6 10. Nfg3 Bc5 11. Nc1 Qxb2 12. Nd3 Qb6 13. Be2 Bd6 14. 0-0 0-0 15. Kh1 Re8 16. Rb1 Qc7 17. Qe1 Nbd7 18. f3 Qxc2 19. Rb2 Qc7 20. Qb1 Qd8 21. Rc1 Ba3 22. Nf5 Nf8 23. Rxc8 Rxc8 24. Rb3 Be7 25. Rxb7 Ng6 26. Qb3 Rb8 27. Nc5 Rxb7 28. Nxb7 Qc7 29. h3 Nd7 30. Ba5 Qc1+ 31. Kh2 Nc5 32. Nxc5 Qxc5 33. Qa4 Rb8 34. Be1 Qc1 35. Bg3 Qc5 36. Qxa6 f6 37. Qe6+ Kf8 38. Bc4 Ke8 39. Nxg7+ Kd8 40. Qg8+ Kc7 41. Ne6+ 1-0

[Event "Mittelfranken-chTB2a 0910"]
[Site "Mittelfranken"]
[Date "2009.10.25"]
[Round "2.1"]
[White "Zeltner, Ottmar"]
[Black "Koschka, Robert"]
[Result "1-0"]
[WhiteElo "1978"]
[BlackElo "1852"]
[PlyCount "51"]
[EventDate "2009.10.11"]
[EventType "team-tourn"]
[EventRounds "9"]
[EventCountry "GER"]
[SourceTitle "EXT 2011"]
[Source "ChessBase"]
[SourceDate "2010.11.26"]
[SourceVersion "1"]
[SourceVersionDate "2010.11.26"]
[SourceQuality "1"]
[WhiteTeam "Rothenburg"]
[BlackTeam "Fuerth SF II"]
[WhiteTeamCountry "GER"]
[BlackTeamCountry "GER"]

1. e4 e5 2. Nf3 Nf6 3. Nc3 d5 4. exd5 e4 5. Ne5 Bd6 6. Bb5+ Kf8 7. d4 Qe7 8. Bf4 a6 9. Bc4 b5 10. Bb3 b4 11. Ne2 Nh5 12. Be3 Bb7 13. 0-0 Nf6 14. c4 bxc3 15. Nxc3 Bxe5 16. dxe5 Qxe5 17. Bc5+ Kg8 18. Bd4 Qf4 19. f3 e3 20. Re1 Nbd7 21. Bxe3 Qb4 22. a3 Qh4 23. Bf2 Qh6 24. Re7 Re8 25. Qe2 Rxe7 26. Qxe7 1-0